Municipalities of Murcia (with a map) - Statistics

General Stats
  • This quiz has been taken 327 times
  • The average score is 25 of 45
Answers on the Map
Answers color-coded by a green-red scale on the quiz's map according to % correct below.
 
Answer Stats
Municipality % Correct
Murcia
98%
Cartagena
90%
Lorca
83%
Yecla
76%
Alcantarilla
73%
Águilas
72%
Caravaca de la Cruz
72%
San Javier
72%
Jumilla
71%
Mazarrón
69%
Molina de Segura
68%
Cieza
66%
San Pedro del Pinatar
63%
La Unión
60%
Mula
59%
Totana
59%
Alhama de Murcia
58%
Los Alcázares
56%
Torre Pacheco
56%
Ceutí
54%
Lorquí
52%
Moratalla
52%
Puerto Lumbreras
51%
Archena
50%
Bullas
50%
Cehegín
50%
Torres de Cotillas
50%
Fuente Álamo de Murcia
49%
Abarán
46%
Calasparra
46%
Santomera
46%
Abanilla
45%
Blanca
45%
Fortuna
44%
Ojós
44%
Librilla
42%
Beniel
41%
Aledo
38%
Alguazas
37%
Ricote
37%
Ulea
36%
Campos del Río
35%
Pliego
35%
Albudeite
34%
Villanueva del Río Segura
34%
No matching quizzes found
Score Distribution
Percent of People with Each Score
Percentile by Number Answered
Your Score History
You have not taken this quiz